header

The jobs crisis (Record no. 227969)

MARC details
000 -LEADER
fixed length control field 01478nam a2200361 a 4500
082 04 - DEWEY DECIMAL CLASSIFICATION NUMBER
Classification number 331.12/0420947
245 04 - TITLE STATEMENT
Title The jobs crisis
260 ## - PUBLICATION, DISTRIBUTION, ETC. (IMPRINT)
Place of publication Washington, D.C. :
Name of publisher World Bank,
Year of publication c2011.
300 ## - PHYSICAL DESCRIPTION
Number of Pages xxx, 100 p. :
Other physical details ill., map.
490 1# - SERIES STATEMENT
Series statement Directions in development : human development
650 #0 - SUBJECT ADDED ENTRY--TOPICAL TERM
Topical Term Manpower policy
Topical Term Recessions
856 40 - ELECTRONIC LOCATION AND ACCESS
Uniform Resource Identifier http://site.ebrary.com/lib/rucke/Doc?id=10460976

No items available.

© 2026 Rongo University
Contact us: librarian | system librarian | Rongo university